|
|
|
|
| LEADER |
03416nam a2200793 i 4500 |
| 001 |
nkc20182979678 |
| 003 |
CZ PrNK |
| 005 |
20180405084223.0 |
| 007 |
ta |
| 008 |
180212s2017 xr ach e f 000 0bcze |
| 015 |
|
|
|a cnb002979678
|
| 020 |
|
|
|a 978-80-87911-08-2
|q (Statutární město Plzeň ;
|q v knize neuvedeno ;
|q brožováno)
|
| 035 |
|
|
|a (OCoLC)1031044538
|
| 040 |
|
|
|a OLA001
|b cze
|e rda
|
| 041 |
1 |
|
|a cze
|a eng
|b ger
|h cze
|
| 043 |
|
|
|a e-xr---
|b e-xr-pl
|2 czenas
|
| 045 |
|
|
|a w9x7
|
| 072 |
|
7 |
|a 7.01/.09
|x Umění
|2 Konspekt
|9 21
|
| 072 |
|
7 |
|a 929
|x Biografie
|2 Konspekt
|9 8
|
| 080 |
|
|
|a 7.05.071.1
|2 MRF
|
| 080 |
|
|
|a 929-058.1-027.541
|2 MRF
|
| 080 |
|
|
|a 929
|2 MRF
|
| 080 |
|
|
|a 7.05
|2 MRF
|
| 080 |
|
|
|a 745/749.05
|2 MRF
|
| 080 |
|
|
|a 7.011:316.72/.75
|2 MRF
|
| 080 |
|
|
|a (437.317)
|2 MRF
|
| 080 |
|
|
|a (092)
|2 MRF
|
| 080 |
|
|
|a (036)
|2 MRF
|
| 100 |
1 |
|
|a Mergl, Jan,
|d 1954-
|7 jn19990010097
|4 aut
|
| 245 |
1 |
0 |
|a Návrat... Ladislava Sutnara =
|b The return of Ladislav Sutnar /
|c autoři textů Jan Mergl, Josef Mištera ; překlad textů David Fuchs s.r.o.
|
| 246 |
3 |
1 |
|a Return of Ladislav Sutnar
|
| 246 |
1 |
4 |
|a Ladislav Sutnar a Plzeň...
|
| 264 |
|
1 |
|a Plzeň :
|b Statutární město Plzeň, Odbor kultury Magistrátu města Plzně ve spolupráci s Fakultou designu a umění Ladislava Sutnara Západočeské univerzity v Plzni,
|c 2017
|
| 300 |
|
|
|a 59 nečíslovaných stran :
|b ilustrace (převážně barevné), potréty, faksimile ;
|c 21 cm
|
| 336 |
|
|
|a text
|b txt
|2 rdacontent
|
| 337 |
|
|
|a bez média
|b n
|2 rdamedia
|
| 338 |
|
|
|a svazek
|b nc
|2 rdacarrier
|
| 500 |
|
|
|a Publikace byla vydána k 120. výročí narození Ladislava Sutnara
|
| 546 |
|
|
|a Souběžný anglický text, německé resumé
|
| 600 |
1 |
7 |
|a Sutnar, Ladislav,
|d 1897-1976
|7 jk01121812
|2 czenas
|
| 648 |
|
4 |
|a 1897-1976
|
| 648 |
|
7 |
|a 19.-20. století
|7 ch757015
|2 czenas
|
| 648 |
|
7 |
|a 20. století
|7 ch460558
|2 czenas
|
| 650 |
0 |
7 |
|a designéři
|7 ph119395
|z Česko
|y 19.-20. století
|2 czenas
|
| 650 |
0 |
7 |
|a osobnosti regionu
|7 ph406516
|z Česko
|y 19.-20. století
|2 czenas
|
| 650 |
0 |
7 |
|a design
|7 ph114303
|z Česko
|y 20. století
|2 czenas
|
| 650 |
0 |
7 |
|a užité umění
|7 ph116551
|z Česko
|y 20. století
|2 czenas
|
| 650 |
0 |
7 |
|a umění a společnost
|7 ph126924
|z Česko
|y 20. století
|2 czenas
|
| 650 |
0 |
9 |
|a designers
|z Czechia
|y 19th-20th centuries
|2 eczenas
|
| 650 |
0 |
9 |
|a regional celebrities
|z Czechia
|y 19th-20th centuries
|2 eczenas
|
| 650 |
0 |
9 |
|a design
|z Czechia
|y 20th century
|2 eczenas
|
| 650 |
0 |
9 |
|a applied arts
|z Czechia
|y 20th century
|2 eczenas
|
| 650 |
0 |
9 |
|a art and society
|z Czechia
|y 20th century
|2 eczenas
|
| 651 |
|
7 |
|a Plzeň (Česko)
|7 ge130439
|2 czenas
|
| 651 |
|
9 |
|a Plzeň (Czechia)
|2 eczenas
|
| 655 |
|
7 |
|a biografie
|7 fd131909
|2 czenas
|
| 655 |
|
7 |
|a informační publikace
|7 fd132454
|2 czenas
|
| 655 |
|
9 |
|a biography
|2 eczenas
|
| 655 |
|
9 |
|a information publications
|2 eczenas
|
| 700 |
1 |
2 |
|a Mergl, Jan,
|d 1954-
|t Návrat... Ladislava Sutnara
|
| 700 |
1 |
2 |
|a Mergl, Jan,
|d 1954-
|t Návrat... Ladislava Sutnara
|l Anglicky
|
| 700 |
1 |
|
|a Mištera, Josef,
|d 1955-
|7 jo20000071819
|4 aut
|
| 710 |
2 |
|
|a David Fuchs (firma)
|7 ko2017950816
|4 trl
|
| 910 |
2 |
|
|a BOA001
|b 2-1403.353
|
| 928 |
9 |
|
|a Fakulta designu a umění Ladislava Sutnara Západočeské univerzity v Plzni
|
| 990 |
|
|
|a BK
|
| 995 |
|
|
|a 01
|
| 991 |
|
|
|b 201802
|c NOV
|
| 996 |
6 |
|
|b 2610735112
|c 2-1403.353
|l MZK
|r Sklad / do 1 hodiny
|n 0
|p p.v.
|w 001651880
|u 000010
|a 1
|e BOA001
|j MZK50
|s P
|